[Event "165 Stay Safe Play From Home"]
[Site "T#646253Emanuel Laske"]
[Date "2020.05.22"]
[Round "3"]
[White "Haris kollari 13"]
[Black "Dukic"]
[Result "1/2-1/2"]
[WhiteElo "1814"]
[BlackElo "1943"]
[Annotator "NA RC"]
[PlyCount "118"]
[EventDate "2020.05.22"]
[EventType "swiss (blitz)"]

1. e4 {[%emt 0:00:02]} c6 {[%emt 0:00:02]} 2. f4 {[%emt 0:00:02]} d6 {[%emt 0:00:01]} 3. Nf3 {[%emt 0:00:01]} Nd7 {[%emt 0:00:02]} 4. d4 {[%emt 0:00:01]} Qc7 {[%emt 0:00:02]} 5. Bd3 {[%emt 0:00:01]} e5 {[%emt 0:00:01]} 6. c3 {[%emt 0:00:03]} Be7 {[%emt 0:00:01]} 7. O-O {[%emt 0:00:03]} Ngf6 {[%emt 0:00:01]} 8. f5 {[%emt 0:00:02]} O-O {[%emt 0:00:09]} 9. h3 {[%emt 0:00:01]} b5 {[%emt 0:00:03]} 10. Bg5 {[%emt 0:00:07]} Bb7 {[%emt 0:00:02]} 11. Nbd2 {[%emt 0:00:05]} Rfe8 {[%emt 0:00:02]} 12. g4 {[%emt 0:00:07]} a6 {[%emt 0:00:13]} 13. Bh4 {[%emt 0:00:03]} c5 {[%emt 0:00:17]} 14. d5 {[%emt 0:00:01]} c4 {[%emt 0:00:03]} 15. Be2 {[%emt 0:00:09]} Nc5 {[%emt 0:00:02]} 16. Qc2 {[%emt 0:00:10]} Qd8 {[%emt 0:00:05]} 17. Bg3 {[%emt 0:00:12]} h6 {[%emt 0:00:13]} 18. Rae1 {[%emt 0:00:01]} Nh7 {[%emt 0:00:02]} 19. Kg2 {[%emt 0:00:09]} Ng5 {[%emt 0:00:19]} 20. h4 {[%emt 0:00:06]} Nxf3 {[%emt 0:00:01]} 21. Nxf3 {[%emt 0:00:02]} f6 {[%emt 0:00:07]} 22. Qd2 {[%emt 0:00:02]} Rb8 {[%emt 0:00:14]} 23. Rh1 {[%emt 0:00:03]} Kf7 {[%emt 0:00:11]} 24. g5 {[%emt 0:00:03]} hxg5 {[%emt 0:00:01]} 25. hxg5 {[%emt 0:00:01]} fxg5 {[%emt 0:00:01]} 26. Rh5 {[%emt 0:00:04]} Rh8 {[%emt 0:00:02]} 27. Reh1 {[%emt 0:00:05]} Rxh5 {[%emt 0:00:03]} 28. Rxh5 {[%emt 0:00:01]} g4 {[%emt 0:00:03]} 29. Ng5+ {[%emt 0:00:08]} Bxg5 {[%emt 0:00:06]} 30. Rxg5 {[%emt 0:00:05]} Qh8 {[%emt 0:00:03]} 31. Rxg4 {[%emt 0:00:04]} Qh6 {[%emt 0:00:07]} 32. Qxh6 {[%emt 0:00:06]} gxh6 {[%emt 0:00:02]} 33. Bf2 {[%emt 0:00:01]} Nd7 {[%emt 0:00:05]} 34. Rg6 {[%emt 0:00:05]} Rg8 {[%emt 0:00:04]} 35. Bh5 {[%emt 0:00:06]} Rxg6+ {[%emt 0:00:01]} 36. Bxg6+ {[%emt 0:00:02]} Kg7 {[%emt 0:00:02]} 37. Bh4 {[%emt 0:00:04]} Nf6 {[%emt 0:00:02]} 38. Kf3 {[%emt 0:00:02]} Bc8 {[%emt 0:00:02]} 39. b3 {[%emt 0:00:08]} Bd7 {[%emt 0:00:04]} 40. bxc4 {[%emt 0:00:03]} bxc4 {[%emt 0:00:01]} 41. a3 {[%emt 0:00:02]} Ba4 {[%emt 0:00:03]} 42. Ke3 {[%emt 0:00:10]} Bc2 {[%emt 0:00:01]} 43. Bxf6+ {[%emt 0:00:20]} Kxf6 {[%emt 0:00:02]} 44. Be8 {[%emt 0:00:02]} Kg5 {[%emt 0:00:03]} 45. Bc6 {[%emt 0:00:01]} a5 {[%emt 0:00:02]} 46. Bb5 {[%emt 0:00:03]} Bd3 {[%emt 0:00:03]} 47. Ba4 {[%emt 0:00:04]} h5 {[%emt 0:00:01]} 48. Bd1 {[%emt 0:00:01]} h4 {[%emt 0:00:01]} 49. Bf3 {[%emt 0:00:01]} h3 {[%emt 0:00:01]} 50. Bh1 {[%emt 0:00:01]} Bf1 {[%emt 0:00:07]} 51. Kf2 {[%emt 0:00:02]} Bd3 {[%emt 0:00:03]} 52. Kg3 {[%emt 0:00:01]} Bf1 {[%emt 0:00:02]} 53. Bf3 {[%emt 0:00:04]} Kf6 {[%emt 0:00:15]} 54. Bg4 {[%emt 0:00:01]} Bg2 {[%emt 0:00:06]} 55. Bf3 {[%emt 0:00:09]} Bf1 {[%emt 0:00:01]} 56. Kf2 {[%emt 0:00:05]} Bd3 {[%emt 0:00:03]} 57. Bh1 {[%emt 0:00:08]} Kg5 {[%emt 0:00:01]} 58. Kg3 {[%emt 0:00:01]} Bf1 {[%emt 0:00:02]} 59. Bf3 {[%emt 0:00:01]} Kf6 {[%emt 0:00:06] (Lag: Av=0.38s, max=0.6s)} 1/2-1/2

[Event "165 Stay Safe Play From Home"]
[Site "T#646253Emanuel Laske"]
[Date "2020.05.22"]
[Round "3"]
[White "Kongle"]
[Black "Sadbat1122"]
[Result "1-0"]
[WhiteElo "1814"]
[BlackElo "1822"]
[Annotator "NA RC"]
[PlyCount "81"]
[EventDate "2020.05.22"]
[EventType "swiss (blitz)"]

1. d4 {[%emt 0:00:02]} e6 {[%emt 0:00:02]} 2. c4 {[%emt 0:00:02]} d5 {[%emt 0:00:02]} 3. Nc3 {[%emt 0:00:01]} Nf6 {[%emt 0:00:02]} 4. Nf3 {[%emt 0:00:01]} Nbd7 {[%emt 0:00:02]} 5. Bg5 {[%emt 0:00:02]} c6 {[%emt 0:00:02]} 6. e3 {[%emt 0:00:01]} Bb4 {[%emt 0:00:02]} 7. cxd5 {[%emt 0:00:02]} exd5 {[%emt 0:00:06]} 8. Bd3 {[%emt 0:00:01]} Qa5 {[%emt 0:00:02]} 9. O-O {[%emt 0:00:03]} Bxc3 {[%emt 0:00:02]} 10. bxc3 {[%emt 0:00:01]} Qxc3 {[%emt 0:00:02]} 11. Rc1 {[%emt 0:00:04]} Qa5 {[%emt 0:00:02]} 12. Qc2 {[%emt 0:00:03]} h6 {[%emt 0:00:02]} 13. Bh4 {[%emt 0:00:03]} O-O {[%emt 0:00:02]} 14. h3 {[%emt 0:00:06]} Re8 {[%emt 0:00:02]} 15. Bg3 {[%emt 0:00:17]} Ne4 {[%emt 0:00:05]} 16. Bh2 {[%emt 0:00:08]} Qd8 {[%emt 0:00:03]} 17. Ne5 {[%emt 0:00:05]} Nxe5 {[%emt 0:00:02]} 18. Bxe5 {[%emt 0:00:02]} f6 {[%emt 0:00:01]} 19. Bf4 {[%emt 0:00:04]} g5 {[%emt 0:00:12]} 20. Bh2 {[%emt 0:00:02]} Qe7 {[%emt 0:00:06]} 21. Qe2 {[%emt 0:00:04]} Qg7 {[%emt 0:00:05]} 22. Qh5 {[%emt 0:00:04]} Be6 {[%emt 0:00:10]} 23. Bxe4 {[%emt 0:00:11]} dxe4 {[%emt 0:00:02]} 24. Qe2 {[%emt 0:00:16]} Bd5 {[%emt 0:00:02]} 25. Rb1 {[%emt 0:00:03]} b5 {[%emt 0:00:04]} 26. Rfc1 {[%emt 0:00:04]} Qf7 {[%emt 0:00:11]} 27. Rb2 {[%emt 0:00:06]} a5 {[%emt 0:00:02]} 28. a3 {[%emt 0:00:03]} a4 {[%emt 0:00:03]} 29. Rc3 {[%emt 0:00:04]} Bc4 {[%emt 0:00:02]} 30. Qg4 {[%emt 0:00:04]} Kg7 {[%emt 0:00:05]} 31. h4 {[%emt 0:00:08]} f5 {[%emt 0:00:02]} 32. Qg3 {[%emt 0:00:03]} g4 {[%emt 0:00:04]} 33. Qd6 {[%emt 0:00:05]} Bd5 {[%emt 0:00:15]} 34. Rxc6 {[%emt 0:00:15]} Bxc6 {[%emt 0:00:02]} 35. Qxc6 {[%emt 0:00:01]} Rac8 {[%emt 0:00:12]} 36. Be5+ {[%emt 0:00:03]} Kh7 {[%emt 0:00:05]} 37. Qxb5 {[%emt 0:00:05]} Qc4 {[%emt 0:00:06]} 38. Qd7+ {[%emt 0:00:06]} Kg6 {[%emt 0:00:13]} 39. Rb6+ {[%emt 0:00:22]} (39. Qg7+ Kh5 40. Rb6 Re6 (40... Rc6 41. Rxc6 Qxc6 42. Bf6 Qe6 43. Be5 Rg8 44. Qh7 Qg6 45. Qd7 Ra8 46. g3 Qb6 (46... Ra6 47. d5 Ra8 48. d6 Ra6 49. Qe7 Ra8 50. d7 Qg8 51. Bc7 Ra7 52. d8=Q Rxc7 53. Qde8+ Qxe8 (53... Qg6 54. Qxg6+ Kxg6) 54. Qxe8+))) 39... Kh5 {[%emt 0:00:11]} 40. Qxf5+ {[%emt 0:00:02]} Kxh4 {[%emt 0:00:02]} 41. Rxh6# {[%emt 0:00:03] (Lag: Av=0.97s, max=1.2s)} 1-0

[Event "165 Stay Safe Play From Home"]
[Site "T#646253Emanuel Laske"]
[Date "2020.05.22"]
[Round "4"]
[White "Dukic"]
[Black "Sadbat1122"]
[Result "1-0"]
[WhiteElo "1937"]
[BlackElo "1804"]
[Annotator "NA RC"]
[PlyCount "167"]
[EventDate "2020.05.22"]
[EventType "swiss (blitz)"]

1. c4 {[%emt 0:00:03]} e6 {[%emt 0:00:02]} 2. Nc3 {[%emt 0:00:01]} d5 {[%emt 0:00:02]} 3. d4 {[%emt 0:00:01]} Nf6 {[%emt 0:00:02]} 4. Nf3 {[%emt 0:00:01]} Nbd7 {[%emt 0:00:02]} 5. Bg5 {[%emt 0:00:01]} c6 {[%emt 0:00:01]} 6. e3 {[%emt 0:00:01]} Bb4 {[%emt 0:00:02]} 7. Qb3 {[%emt 0:00:02]} Qa5 {[%emt 0:00:02]} 8. Bd3 {[%emt 0:00:03]} dxc4 {[%emt 0:00:04]} 9. Qxc4 {[%emt 0:00:05]} Nb6 {[%emt 0:00:10]} 10. Qb3 {[%emt 0:00:05]} Nbd5 {[%emt 0:00:05]} 11. Rc1 {[%emt 0:00:05]} Bxc3+ {[%emt 0:00:20]} 12. bxc3 {[%emt 0:00:02]} h6 {[%emt 0:00:06]} 13. Bh4 {[%emt 0:00:02]} O-O {[%emt 0:00:10]} 14. O-O {[%emt 0:00:02]} b5 {[%emt 0:00:09]} 15. Bg3 {[%emt 0:00:15]} Bb7 {[%emt 0:00:05]} 16. e4 {[%emt 0:00:05]} Nb6 {[%emt 0:00:05]} 17. Bd6 {[%emt 0:00:10]} Rfd8 {[%emt 0:00:04]} 18. Bb4 {[%emt 0:00:02]} Qa4 {[%emt 0:00:02]} 19. Nd2 {[%emt 0:00:26]} Qxb3 {[%emt 0:00:05]} 20. axb3 {[%emt 0:00:02]} a5 {[%emt 0:00:02]} 21. Bc5 {[%emt 0:00:03]} Nbd7 {[%emt 0:00:03]} 22. Be7 {[%emt 0:00:02]} Re8 {[%emt 0:00:02]} 23. Bd6 {[%emt 0:00:02]} c5 {[%emt 0:00:08]} 24. Bxb5 {[%emt 0:00:05]} cxd4 {[%emt 0:00:05]} 25. cxd4 {[%emt 0:00:01]} Nxe4 {[%emt 0:00:06]} 26. Nxe4 {[%emt 0:00:08]} Bxe4 {[%emt 0:00:06]} 27. Bxd7 {[%emt 0:00:01]} Red8 {[%emt 0:00:02]} 28. Rc7 {[%emt 0:00:01]} Rab8 {[%emt 0:00:06]} 29. Be7 {[%emt 0:00:06]} Rxd7 {[%emt 0:00:11]} 30. Rxd7 {[%emt 0:00:02]} Rxb3 {[%emt 0:00:02]} 31. f3 {[%emt 0:00:03]} Bd5 {[%emt 0:00:02]} 32. Ra7 {[%emt 0:00:04]} Rb5 {[%emt 0:00:06]} 33. Ra1 {[%emt 0:00:06]} g5 {[%emt 0:00:07]} 34. R7xa5 {[%emt 0:00:08]} Rb2 {[%emt 0:00:02]} 35. Bf6 {[%emt 0:00:03]} Kh7 {[%emt 0:00:02]} 36. Ra7 {[%emt 0:00:14]} Kg6 {[%emt 0:00:04]} 37. Be5 {[%emt 0:00:02]} f6 {[%emt 0:00:02]} 38. Bd6 {[%emt 0:00:05]} Rd2 {[%emt 0:00:05]} 39. Bc5 {[%emt 0:00:05]} h5 {[%emt 0:00:05]} 40. h3 {[%emt 0:00:07]} g4 {[%emt 0:00:03]} 41. hxg4 {[%emt 0:00:15]} hxg4 {[%emt 0:00:02]} 42. fxg4 {[%emt 0:00:15]} Rxg2+ {[%emt 0:00:02]} 43. Kf1 {[%emt 0:00:01]} Rxg4 {[%emt 0:00:12]} 44. Rc7 {[%emt 0:00:07]} Rh4 {[%emt 0:00:03]} 45. Raa7 {[%emt 0:00:02]} Rh2 {[%emt 0:00:05]} 46. Rg7+ {[%emt 0:00:03]} Kf5 {[%emt 0:00:02]} 47. Rh7 {[%emt 0:00:06]} Rc2 {[%emt 0:00:06]} 48. Rh6 {[%emt 0:00:07]} Bc4+ {[%emt 0:00:07]} 49. Ke1 {[%emt 0:00:04]} Ke4 {[%emt 0:00:08]} 50. Rxf6 {[%emt 0:00:03]} Re2+ {[%emt 0:00:14]} 51. Kd1 {[%emt 0:00:02]} Rh2 {[%emt 0:00:05]} 52. Rg7 {[%emt 0:00:18]} Bd5 {[%emt 0:00:11]} 53. Rg4+ {[%emt 0:00:05]} Kd3 {[%emt 0:00:01]} 54. Rg3+ {[%emt 0:00:01]} Kc4 {[%emt 0:00:03]} 55. Re3 {[%emt 0:00:06]} Rg2 {[%emt 0:00:11]} 56. Rexe6 {[%emt 0:00:02]} Bxe6 {[%emt 0:00:02]} 57. Rxe6 {[%emt 0:00:01]} Kd5 {[%emt 0:00:01]} 58. Re2 {[%emt 0:00:04]} Rg1+ {[%emt 0:00:02]} 59. Kd2 {[%emt 0:00:01]} Rg3 {[%emt 0:00:01]} 60. Re3 {[%emt 0:00:01]} Rg2+ {[%emt 0:00:02]} 61. Kd3 {[%emt 0:00:01]} Rg1 {[%emt 0:00:01]} 62. Re5+ {[%emt 0:00:01]} Kc6 {[%emt 0:00:01]} 63. Be7 {[%emt 0:00:03]} Kd7 {[%emt 0:00:02]} 64. Bg5 {[%emt 0:00:02]} Rg3+ {[%emt 0:00:02]} 65. Ke4 {[%emt 0:00:01]} Rg1 {[%emt 0:00:02]} 66. d5 {[%emt 0:00:03]} Rg4+ {[%emt 0:00:02]} 67. Bf4 {[%emt 0:00:02]} Rg1 {[%emt 0:00:02]} 68. Rh5 {[%emt 0:00:01]} Re1+ {[%emt 0:00:02]} 69. Be3 {[%emt 0:00:05]} Re2 {[%emt 0:00:02]} 70. Rh6 {[%emt 0:00:03]} Re1 {[%emt 0:00:04]} 71. Kd4 {[%emt 0:00:01]} Rd1+ {[%emt 0:00:01]} 72. Ke5 {[%emt 0:00:01]} Re1 {[%emt 0:00:02]} 73. Rh7+ {[%emt 0:00:01]} Kd8 {[%emt 0:00:02]} 74. Kd4 {[%emt 0:00:14]} Rd1+ {[%emt 0:00:02]} 75. Kc5 {[%emt 0:00:01]} Ke8 {[%emt 0:00:04]} 76. Bg5 {[%emt 0:00:03]} Rg1 {[%emt 0:00:02]} 77. Bf6 {[%emt 0:00:02]} Rf1 {[%emt 0:00:02]} 78. Be5 {[%emt 0:00:01]} Re1 {[%emt 0:00:01]} 79. Kd6 {[%emt 0:00:01]} Kf8 {[%emt 0:00:02]} 80. Ke6 {[%emt 0:00:01]} Kg8 {[%emt 0:00:02]} 81. Rb7 {[%emt 0:00:01]} Re2 {[%emt 0:00:06]} 82. d6 {[%emt 0:00:02]} Rd2 {[%emt 0:00:03]} 83. d7 {[%emt 0:00:01]} Kf8 {[%emt 0:00:05]} 84. Rb8# {[%emt 0:00:02] (Lag: Av=0.75s, max=1.3s)} 1-0

[Event "165 Stay Safe Play From Home"]
[Site "T#646253Emanuel Laske"]
[Date "2020.05.22"]
[Round "4"]
[White "Kongle"]
[Black "Tunca"]
[Result "0-1"]
[WhiteElo "1832"]
[BlackElo "1805"]
[Annotator "NA RC"]
[PlyCount "80"]
[EventDate "2020.05.22"]
[EventType "swiss (blitz)"]

1. d4 {[%emt 0:00:02]} d6 {[%emt 0:00:01]} 2. c4 {[%emt 0:00:02]} e5 {[%emt 0:00:03]} 3. dxe5 {[%emt 0:00:02]} dxe5 {[%emt 0:00:00]} 4. Qxd8+ {[%emt 0:00:02]} Kxd8 {[%emt 0:00:00]} 5. e4 {[%emt 0:00:02]} Be6 {[%emt 0:00:07]} 6. Nc3 {[%emt 0:00:02]} Bb4 {[%emt 0:00:04]} 7. Bg5+ {[%emt 0:00:04]} f6 {[%emt 0:00:01]} 8. O-O-O+ {[%emt 0:00:04]} Nd7 {[%emt 0:00:02]} 9. Be3 {[%emt 0:00:02]} Bxc3 {[%emt 0:00:03]} 10. bxc3 {[%emt 0:00:02]} Ne7 {[%emt 0:00:09]} 11. f4 {[%emt 0:00:10]} c6 {[%emt 0:00:17]} 12. f5 {[%emt 0:00:07]} Bf7 {[%emt 0:00:04]} 13. Nf3 {[%emt 0:00:06]} Kc7 {[%emt 0:00:01]} 14. Kb2 {[%emt 0:00:03]} Nb6 {[%emt 0:00:02]} 15. Nd2 {[%emt 0:00:18]} Rhd8 {[%emt 0:00:08]} 16. g4 {[%emt 0:00:03]} h6 {[%emt 0:00:08]} 17. h4 {[%emt 0:00:02]} Rd7 {[%emt 0:00:48]} 18. c5 {[%emt 0:00:03]} Nbc8 {[%emt 0:00:20]} 19. Be2 {[%emt 0:00:37]} b6 {[%emt 0:00:04]} 20. cxb6+ {[%emt 0:00:04]} axb6 {[%emt 0:00:01]} 21. Nc4 {[%emt 0:00:13]} Ra4 {[%emt 0:00:32]} 22. Rxd7+ {[%emt 0:00:06]} Kxd7 {[%emt 0:00:02]} 23. Nxb6+ {[%emt 0:00:32]} Nxb6 {[%emt 0:00:08]} 24. Bxb6 {[%emt 0:00:03]} Rxa2+ {[%emt 0:00:01]} 25. Kb1 {[%emt 0:00:01]} Rxe2 {[%emt 0:00:01]} 26. g5 {[%emt 0:00:02]} Bc4 {[%emt 0:00:12]} 27. gxf6 {[%emt 0:00:06]} gxf6 {[%emt 0:00:01]} 28. Rg1 {[%emt 0:00:09]} Bd3+ {[%emt 0:00:04]} 29. Ka1 {[%emt 0:00:04]} Bxe4 {[%emt 0:00:06]} 30. Rg7 {[%emt 0:00:05]} Kd6 {[%emt 0:00:03]} 31. Rh7 {[%emt 0:00:22]} Nxf5 {[%emt 0:00:05]} 32. Bc7+ {[%emt 0:00:03]} Ke6 {[%emt 0:00:03]} 33. c4 {[%emt 0:00:05]} Rh2 {[%emt 0:00:03]} 34. Bd8 {[%emt 0:00:11]} Rxh4 {[%emt 0:00:02]} 35. Bb6 {[%emt 0:00:10]} Bd3 {[%emt 0:00:03]} 36. c5 {[%emt 0:00:02]} Nd4 {[%emt 0:00:04]} 37. Rh8 {[%emt 0:00:02]} Rh2 {[%emt 0:00:04]} 38. Re8+ {[%emt 0:00:01]} Kd5 {[%emt 0:00:01]} 39. Rd8+ {[%emt 0:00:02]} Kc4 {[%emt 0:00:01]} 40. Rd6 {[%emt 0:00:01]} Nb3# {[%emt 0:00:03] (Lag: Av=0.59s, max=0.8s)} 0-1

[Event "165 Stay Safe Play From Home"]
[Site "T#646253Emanuel Laske"]
[Date "2020.05.22"]
[Round "4"]
[White "matanant"]
[Black "Don59as"]
[Result "0-1"]
[WhiteElo "1822"]
[BlackElo "2078"]
[Annotator "NA RC"]
[PlyCount "112"]
[EventDate "2020.05.22"]
[EventType "swiss (blitz)"]

1. b3 {[%emt 0:00:03]} d5 {[%emt 0:00:04]} 2. Bb2 {[%emt 0:00:00]} Nf6 {[%emt 0:00:03]} 3. f4 {[%emt 0:00:03]} e6 {[%emt 0:00:05]} 4. Nf3 {[%emt 0:00:02]} Be7 {[%emt 0:00:04]} 5. d3 {[%emt 0:00:05]} O-O {[%emt 0:00:02]} 6. Nbd2 {[%emt 0:00:02]} b6 {[%emt 0:00:01]} 7. e4 {[%emt 0:00:03]} dxe4 {[%emt 0:00:02]} 8. dxe4 {[%emt 0:00:01]} Bb7 {[%emt 0:00:01]} 9. Bd3 {[%emt 0:00:01]} Nbd7 {[%emt 0:00:01]} 10. Qe2 {[%emt 0:00:12]} Nc5 {[%emt 0:00:03]} 11. O-O {[%emt 0:00:18]} Ng4 {[%emt 0:00:09]} 12. h3 {[%emt 0:00:06]} Nxd3 {[%emt 0:00:01]} 13. cxd3 {[%emt 0:00:02]} Nf6 {[%emt 0:00:06]} 14. g4 {[%emt 0:00:02]} Ba6 {[%emt 0:00:05]} 15. Nc4 {[%emt 0:00:11]} c5 {[%emt 0:00:08]} 16. Rac1 {[%emt 0:00:18]} Rc8 {[%emt 0:00:08]} 17. Rcd1 {[%emt 0:00:02]} Re8 {[%emt 0:00:07]} 18. Nfe5 {[%emt 0:00:07]} Nd7 {[%emt 0:00:04]} 19. Nxd7 {[%emt 0:00:03]} Qxd7 {[%emt 0:00:01]} 20. Ne5 {[%emt 0:00:06]} Qd8 {[%emt 0:00:04]} 21. g5 {[%emt 0:00:01]} f6 {[%emt 0:00:08]} 22. Nf3 {[%emt 0:00:16]} fxg5 {[%emt 0:00:09]} 23. fxg5 {[%emt 0:00:06]} Bxg5 {[%emt 0:00:01]} 24. Qg2 {[%emt 0:00:15]} Bf6 {[%emt 0:00:14]} 25. Bxf6 {[%emt 0:00:08]} Qxf6 {[%emt 0:00:02]} 26. Ng5 {[%emt 0:00:01]} Qg6 {[%emt 0:00:04]} 27. Rf7 {[%emt 0:00:26]} h6 {[%emt 0:00:12]} 28. Rxa7 {[%emt 0:00:02]} Bb5 {[%emt 0:00:26]} 29. Nf7 {[%emt 0:00:07]} Qxg2+ {[%emt 0:00:07]} 30. Kxg2 {[%emt 0:00:01]} Ra8 {[%emt 0:00:04]} 31. Rxa8 {[%emt 0:00:10]} Rxa8 {[%emt 0:00:01]} 32. a4 {[%emt 0:00:00]} Kxf7 {[%emt 0:00:09]} 33. axb5 {[%emt 0:00:03]} Ra5 {[%emt 0:00:01]} 34. Kf3 {[%emt 0:00:08]} Rxb5 {[%emt 0:00:01]} 35. Kf4 {[%emt 0:00:01]} Kf6 {[%emt 0:00:14]} 36. e5+ {[%emt 0:00:03]} Ke7 {[%emt 0:00:01]} 37. Ra1 {[%emt 0:00:02]} Rxb3 {[%emt 0:00:03]} 38. Ra7+ {[%emt 0:00:02]} Kf8 {[%emt 0:00:01]} 39. Ke4 {[%emt 0:00:02]} Rb4+ {[%emt 0:00:02]} 40. Ke3 {[%emt 0:00:02]} Rh4 {[%emt 0:00:01]} 41. Kd2 {[%emt 0:00:08]} Rxh3 {[%emt 0:00:02]} 42. Rb7 {[%emt 0:00:01]} Rh5 {[%emt 0:00:01]} 43. Rxb6 {[%emt 0:00:03]} Rxe5 {[%emt 0:00:01]} 44. Rb7 {[%emt 0:00:01]} Rd5 {[%emt 0:00:04]} 45. Kc3 {[%emt 0:00:01]} h5 {[%emt 0:00:03]} 46. Rb6 {[%emt 0:00:08]} Kf7 {[%emt 0:00:02]} 47. Rb7+ {[%emt 0:00:01]} Kf6 {[%emt 0:00:01]} 48. Rb8 {[%emt 0:00:06]} h4 {[%emt 0:00:02]} 49. Rh8 {[%emt 0:00:04]} g5 {[%emt 0:00:01]} 50. Rh6+ {[%emt 0:00:02]} Kf5 {[%emt 0:00:01]} 51. Kc4 {[%emt 0:00:05]} Re5 {[%emt 0:00:02]} 52. Rh8 {[%emt 0:00:05]} Kg4 {[%emt 0:00:02]} 53. d4 {[%emt 0:00:03]} cxd4 {[%emt 0:00:02]} 54. Kxd4 {[%emt 0:00:00]} Re1 {[%emt 0:00:01]} 55. Rh6 {[%emt 0:00:04]} h3 {[%emt 0:00:02]} 56. Kd3 {[%emt 0:00:04]} Kg3 {[%emt 0:00:01] matanant resigns (Lag: Av=0.80s, max=1.5s)} 0-1

[Event "165 Stay Safe Play From Home"]
[Site "T#646253Emanuel Laske"]
[Date "2020.05.22"]
[Round "4"]
[White "Roefe Detlef"]
[Black "Lamborghini"]
[Result "0-1"]
[WhiteElo "1665"]
[BlackElo "2299"]
[Annotator "TA"]
[PlyCount "110"]
[EventDate "2020.05.22"]
[EventType "swiss (blitz)"]

{[%evp 9,110,14,44,8,57,26,29,-4,0,-22,0,0,86,41,24,-81,-15,-18,-15,-61,-25,-23,-7,-96,-38,-95,-34,-54,-53,-52,-49,-72,-7,-3,-9,-16,21,0,0,0,0,0,0,0,0,-331,-322,-616,-616,-593,-591,-645,-645,-629,-560,-639,-596,-575,-552,-502,-493,-446,-377,-29975,-29973,-29984,-29985,-29986,-29987,-29988,-29988,-29988,-29983,-29985,-29979,-29985,-29984,-29988,-29984,-29984,-29984,-29985,-29985,-29989,-29990,-29990,-29991,-29991,-29992,-29992,-29993,-29993,-29990,-29990,-29990,-29990,-29991,-29993,-29989,-29989,-29990,-29989,-29989]} 1. e4 c5 2. Nc3 d6 3. g3 Nc6 4. Bg2 Bd7 5. Nge2 Qc8 6. h3 {B24: Closed Sicilian: 3 g3 sidelines.} h5 7. d3 g6 {[#]} 8. Nf4 $146 {White has an edge.} ({Predecessor:} 8. Be3 Bg7 9. Qd2 Nd4 10. Nd1 e6 11. c3 Nxe2 12. Qxe2 Ne7 13. d4 O-O 14. Qd2 cxd4 15. cxd4 {0-1 (52) Seitz,J-Tartakower,S Paris 1929}) 8... Bg7 9. O-O Rb8 10. a4 e5 (10... b6 $11) 11. Nfd5 {Strongly threatening Nb5.} Bxh3 12. f4 {[#]} (12. Nb5 $11 {keeps the balance.} Kf8 13. Nxd6) 12... Bxg2 (12... Qg4 $1 $17 13. Qxg4 hxg4) 13. Kxg2 $11 Nge7 14. Be3 Nxd5 15. Nxd5 Ne7 16. Nc3 (16. Nxe7 $1 $11 Kxe7 17. Qf3 (17. fxe5 Bxe5 18. c3 Qg4 $15)) 16... h4 (16... Qe6 $17) 17. g4 {[#]} (17. Rh1 $15) 17... exf4 (17... f5 $1 $17 {[%cal Rf5g4]} 18. gxf5 gxf5) 18. Bxf4 $15 Qe6 19. Nb5 {[%mdl 64] And now Nc7+ would win. Double Attack} O-O $1 20. Nxd6 Nc6 ({Black should try} 20... Bxb2 $17 21. Rb1 Be5 22. Bxe5 Qxe5) 21. Nc4 $11 Rbd8 22. Kh3 f5 23. exf5 gxf5 24. g5 {Threatens to win with Qh5.} Nd4 25. c3 ({Reject} 25. Kxh4 Ne2 $17) 25... Ne2 26. Qd2 Nxf4+ {[%mdl 64] Overworked Piece} 27. Qxf4 $4 {[%mdl 8192] Black converts the advantage convincingly.} (27. Rxf4 $11 Rf7 28. Raf1 (28. Kxh4 $2 Qg6 $19)) 27... Rxd3+ $19 28. Rf3 $2 (28. Kh2 Bd4 29. cxd4 Rxd4 30. Qe5 Qxc4 31. Rf2) 28... Rxf3+ 29. Qxf3 Qxc4 30. Rd1 Qe6 31. Kxh4 Qe4+ 32. Qxe4 fxe4 {[%mdl 4096] Endgame KRB-KR} 33. Kg4 e3 34. Re1 Re8 35. Re2 Kf7 36. b4 $2 (36. Kf4 $19) 36... c4 {Black mates.} 37. Kf5 Bxc3 38. b5 Bd2 39. Rh2 Kg7 40. g6 Rf8+ 41. Ke4 Kxg6 42. Kd4 c3 43. Kd3 Rd8+ 44. Kc2 Kf5 45. Rh5+ Ke4 46. Rh7 e2 47. Re7+ Kf3 48. Rf7+ Bf4 49. Re7 Be3 50. Rf7+ Kg2 51. Rg7+ Kh3 52. Rh7+ Kg4 53. Rg7+ Kh5 54. Rh7+ Kg6 55. Rh1 Bd2 {Accuracy: White = 42%, Black = 69%.} 0-1

[Event "165 Stay Safe Play From Home"]
[Site "T#646253Emanuel Laske"]
[Date "2020.05.22"]
[Round "5"]
[White "Lamborghini"]
[Black "Tunca"]
[Result "1-0"]
[WhiteElo "2300"]
[BlackElo "1823"]
[Annotator "TA"]
[PlyCount "33"]
[EventDate "2020.05.22"]
[EventType "swiss (blitz)"]

{[%evp 13,33,18,61,51,64,63,67,54,72,72,75,58,74,76,138,69,163,168,182,159,595,592]} 1. e4 Nf6 2. e5 Nd5 3. d4 d6 4. Nf3 g6 5. Bc4 Nb6 6. Bb3 Bg7 7. a4 a5 8. exd6 {B04: Alekhine's Defence: 4 Nf3.} cxd6 9. O-O O-O 10. h3 {White is slightly better.} d5 11. Re1 {[#]} e6 $146 ({Predecessor:} 11... Nc6 12. Nc3 h6 13. Bf4 Bf5 14. Nb5 Rc8 15. c3 Be4 16. Nd2 Bf5 17. Qf3 Qd7 {1-0 (48) Alvir,A (2390)-Posch,W (2275) Vienna 1997}) 12. Nc3 Nc6 13. Bf4 Re8 {[#]} (13... Na7 $142) 14. h4 ({White should try} 14. Nb5 $1 $16 {And now Bc7 would win.} Re7 15. Qd2) 14... h6 (14... Na7 $1 $14) 15. Nb5 $18 {Threatens to win with Bc7.} Re7 16. c3 Bd7 $2 (16... Na7 $16 {is more resistant.}) 17. Bc7 {Black got outplayed after the opening. Accuracy: White = 86%, Black = 42%.} 1-0